00199nam a2200073Ia 4500008004100000245003300041260004200074260000900116170620s9999 xx 000 0 und d 0aMethods of Teaching Commerce bNew Delhi- Discovery Publishing House c2006